00595 2200217 4500001002100000005001500021035002000036245008800056100001700144250000600161300003500167700002200202260003800224082001000262084001600272020002200288650001600310990001700326990001700343990001700360INLIS00000000000035320181010010433 a0010-10180000431 aBagaiman Membersihkan Hati dari Dosa /cImam Ghazali; Penerjemah, Abdul Somad,LC,MA0 aImam Ghazali a- aiv, 60 hlm. :bilus. ;c25 cm.0 aAbdul Somad,LC,MA aSurabaya :bCV Al Maktabah,c2009 a297.5 a297.5 IMA b a978-979-049-318-6 aEtika Islam a01413/P/2018 a01414/P/2018 a01415/P/2018